Statistics for Most Prosperous Countries In The World

Click here to take the quiz!

General Stats

  • This quiz has been taken 39 times
  • The average score is 44 of 50

Answer Stats

IndexCountry% Correct
78.99Canada
100%
80.57Ireland
100%
79.74Luxembourg
100%
82.89Norway
100%
83.50Sweden
100%
80.14Austria
97%
83.86Denmark
97%
83.11Finland
97%
81.10Iceland
97%
69.77Israel
97%
72.15Italy
97%
77.86Japan
97%
82.96Netherlands
97%
69.07Poland
97%
71.97Portugal
97%
66.09Romania
97%
70.56Slovakia
97%
77.77Spain
97%
82.18Switzerland
97%
78.13United Kingdom
97%
75.97United States
97%
76.34Belgium
94%
68.66Croatia
94%
74.56Czech Republic
94%
66.96Greece
94%
72.00Lithuania
94%
79.05Singapore
94%
76.30Slovenia
94%
74.21South Korea
94%
64.34Argentina
90%
79.63Australia
90%
63.81Bulgaria
90%
78.76Estonia
90%
76.90France
90%
79.60Germany
90%
70.45Chile
87%
66.72Hungary
87%
73.52Latvia
87%
75.01Malta
87%
80.94New Zealand
87%
77.15Taiwan
87%
67.96United Arab Emirates
84%
70.82Cyprus
81%
71.78Uruguay
74%
69.03Costa Rica
71%
65.38Montenegro
65%
66.33Panama
65%
67.25Malaysia
52%
66.35Mauritius
35%
67.31Seychelles
35%

Score Distribution

Percentile by Number Answered

Percent of People with Each Score

Your Score History

You have not taken this quiz